LEADER 02020nam 2200421Ia 450 001 996395394603316 005 20210104171445.0 035 $a(CKB)3810000000017609 035 $a(EEBO)2240868262 035 $a(OCoLC)ocn751969726e 035 $a(OCoLC)751969726 035 $a(EXLCZ)993810000000017609 100 $a20110912d1614 uy 0 101 0 $aeng 135 $aurbn||||a|bb| 200 10$aBy the King$b[electronic resource] $eA proclamation against exportation of gold and siluer. It hath pleased almightie God to blesse this our kingdome with a rare and rich dowrie of natiue commodities, both by sea and land; with the exportation and procedure whereof, treasure of gold and siluer may from time to time bee brought in and increased .. 210 $aImprinted at London $cby Robert Barker, Printer to the Kings most excellent Maiestie.$danno Dom. 1614. 215 $a[2] leaves $ccoat of arms 300 $aTitle taken from caption and first lines of text. 300 $a"Giuen at Whitehall the three and twentieth day of March, in the twelfth yeere of our raigne of England, France, and Ireland, and of Scotland the eight and fourtieth." --Leaf [2]. 300 $aHeadpiece, tailpiece, royal coat of arms, initial. 300 $aReproduction of original in: Queen's College (University of Oxford). Library. 330 $aeebo-0119 606 $aGold$xLaw and legislation$zEngland$vEarly works to 1800 606 $aSilver$xLaw and legislation$zEngland$vEarly works to 1800 607 $aGreat Britain$xHistory$yJames I, 1603-1625$vSources$vEarly works to 1800 608 $aBroadsides$zEngland$y17th century.$2rbgenr 608 $aProclamations$zEngland$y17th century.$2rbgenr 615 0$aGold$xLaw and legislation 615 0$aSilver$xLaw and legislation 701 $aJames$cKing of England,$f1566-1625.$01001019 801 0$bUMI 801 1$bUMI 801 2$bUMI 906 $aBOOK 912 $a996395394603316 996 $aBy the King$92299281 997 $aUNISA LEADER 01215nam a2200289 i 4500 001 991003696619707536 005 20021220115349.0 008 020617s2000 it ||| | ita 035 $ab11849599-39ule_inst 035 $aLE01313563$9ExL 040 $aDip.to Matematica$beng 082 0 $a516 084 $aAMS 51-06 110 2 $aUniversità degli Studi :$bDipartimento di matematica$0474042 245 10$aSeminari di geometria 1998-1999 :$bcomprende gli atti della Conference on real and complex analytic geometry, novembre 1997 /$ca cura di = edited by Salvatore Coen 260 $aBologna :$b[s.n.],$c2000 (Bologna : Tecnoprint) 300 $axii, 228 p. ;$c24 cm 490 0 $aSeminari di geometria (Bo) ;$v12 500 $aIn testa al front.: Universita degli studi di Bologna, Dipartimento di matematica. 650 4$aGeometry 700 1 $aCoen, Salvatore 907 $a.b11849599$b28-04-17$c20-12-02 912 $a991003696619707536 945 $aLE013 51-XX COE19 (2000)$g1$i2013000134802$lle013$o-$pE0.00$q-$rl$s- $t0$u1$v0$w1$x0$y.i12102131$z20-12-02 996 $aSeminari di geometria 1998-1999$9899901 997 $aUNISALENTO 998 $ale013$b01-01-02$cm$da $e-$fita$git $h0$i1 LEADER 03059nam 2200793 a 450 001 996247986103316 005 20230809231255.0 010 $a0-674-26334-0 010 $a0-674-04743-5 010 $a0-674-03671-9 024 7 $a10.4159/9780674036710 035 $a(CKB)1000000000787014 035 $a(OCoLC)503446192 035 $a(CaPaEBR)ebrary10309080 035 $a(SSID)ssj0000214846 035 $a(PQKBManifestationID)11186563 035 $a(PQKBTitleCode)TC0000214846 035 $a(PQKBWorkID)10167192 035 $a(PQKB)10518170 035 $a(DE-B1597)457611 035 $a(OCoLC)1049659457 035 $a(OCoLC)1054877392 035 $a(OCoLC)979969638 035 $a(DE-B1597)9780674036710 035 $a(Au-PeEL)EBL3300010 035 $a(CaPaEBR)ebr10309080 035 $a(MiAaPQ)EBC3300010 035 $a(dli)HEB08987 035 $a(MiU)MIU01000000000000012925662 035 $a(EXLCZ)991000000000787014 100 $a20070817d2008 uy 0 101 0 $aeng 135 $aurcn||||||||| 181 $ctxt 182 $cc 183 $acr 200 10$aOn Zion's mount $eMormons, Indians, and the American landscape /$fJared Farmer 205 $a1st Harvard University Press pbk. ed. 210 $aCambridge, Mass. $cHarvard University Press$d2008 215 $a1 online resource (472 p.) 300 $aBibliographic Level Mode of Issuance: Monograph 311 $a0-674-02767-1 320 $aIncludes bibliographical references (p. [381]-439) and index. 327 $apt. 1. Liquid antecedents -- Ute genesis, Mormon exodus -- Brigham Young and the famine of the Fish-Eaters -- The desertification of Zion -- pt. 2. Making a mountain : alpine play -- Rocky Mountain Saints -- Hiking into modern times -- Sundance and suburbia -- pt. 3. Marking a mountain : Indian play -- Renaming the land -- The rise and fall of a lover's leap -- Performing a remembered past. 330 $aOn Zion's Mount shows how, paradoxically, the Mormons created their homeland at the expense of the local Indians-and how they expressed their sense of belonging by investing Mt. Timpanogos with "Indian" meaning. 410 0$aACLS Fellows' publications. 606 $aUte Indians$xHistory 606 $aLatter Day Saints$xHistory 606 $aFrontier and pioneer life$zUtah 606 $aLandscape assessment$zUnited States 606 $aIndians in popular culture$zUnited States 607 $aTimpanogos, Mount (Utah)$xHistory 607 $aUtah Lake (Utah)$xHistory 607 $aUtah$xHistory 607 $aGreat Basin$xDescription and travel 615 0$aUte Indians$xHistory. 615 0$aLatter Day Saints$xHistory. 615 0$aFrontier and pioneer life 615 0$aLandscape assessment 615 0$aIndians in popular culture 676 $a979.2/24 700 $aFarmer$b Jared$f1974-$01011435 801 0$bMiAaPQ 801 1$bMiAaPQ 801 2$bMiAaPQ 906 $aBOOK 912 $a996247986103316 996 $aOn Zion's mount$92343213 997 $aUNISA